000 00580nam a22002175i 4500
001 170102
003 ES-MaACL
005 20250315062556.0
008 090129s1978 sp |||| | spa d
020 _a84-321-1957-1
080 _a821.134.2-14"19"
100 1 _aMena, Juan (
_d1943-)
_9139315
245 1 0 _aQueda la tierra /
_cJuan Mena.
250 _a[1ª ed.].
260 _aMadrid :
_bRialp,
_c1978.
300 _a69 p. ;
_c18 cm.
490 1 _aAdonais ;
_v354
830 0 0 _aAdonáis
_v354
_9173743
852 _aES-MaACL
_jJ-23-354
_9R.144312
999 _c170102
_d170102